000 00756cab a2200241 4500
001 WB3242-62
008 090401t1996 xxu||||| |||| 00| 0 eng d
035 _a(Sirsi) u44943
041 _aeng
245 _aBoost for Town Improvement Zones
260 _c1996
350 _a0
490 _aDoE News Release
_v(464) 5 November 1996, (3)
520 _aThe DoE is to contribute £60,000 towards the cost of research by the Association of Town Centre Managers into the operation of Town Improvement Zones.
650 _aASSOCIATION OF TOWN CENTRE MANAGERS
650 _aFEASIBILITY
650 _aTOWN CENTRES
650 _aTOWN IMPROVEMENT ZONES
650 _aURBAN REGENERATION
690 _aURBAN RENEWAL
942 _n0
948 _c04/03/1997
999 _c28565
_d28565